=LDR 00000nam 2200000 4500 =001 INLIS000000000029971 =005 20130612132146 =008 ***********************************Ind** =035 ##$$0010-061300000029971 =041 ##$$a Ind =082 ##$$a 621.584 135 =090 ##$$a 621.584 135, Aue m =100 ##$$a Auerbach, Richard =245 ##$$a Merakit sendiri antena radio amatir, Richard Auerbach =260 ##$$a 1992 $b Jakarta =300 ##$$a ix, 270 hlm, ilus, 20 cm =650 ##$$a Antena Radio Amatir =850 ##$$a NBPNMAT